1877 1905 1202 1268 1394 1876 1129 1094 1049 1533 1187 1353 1331 1152 1658 1526 1033 1061 1948 1599 1329 1885 1204 1941 1795 1484 1473 1118 1890 1360 1736 1081 1316 1005 1473 1605 1079 1260 1469 1538 1674 1246 1859 1952 1635 1296 1197 1141 1520 1776 1752 1796 1872 1115 1256 1606 1675 1076 1216 1282 1338 1222 1955 1048 1510 1469 1206 1093 1319 1419 1863 1505 1877 1070 1608 1944 1931 1482 1529 1360 1355 1301 1093 1640 1604 1989 1083 1003 1074 1052 1427 1630 1161 1242 1643 1730 1432 1560 1426 BCNSPRNW ULIB Ver.6.0+V

เปลี่ยนเป็นภาษาไทย

Change to English
 แสดงรายละเอียดบรรณานุกรม
  กลับหน้าหลัก

Brief Record : Get Marc (ISO 2709) : E-mail record : QR code < ปิดหน้าต่าง
LEADER : 00000nam 2200000uu 4500
001    13399124411
003     ULIB
008    150623s2551||||th 000 0 tha d
020    ^a9789747547405
090    ^aนว^bว637ล
100 0  ^aวินิตา ดิถียนต์
245 10 ^aลมพัดผ่านดาว/^cว. วินิจฉัยกุล.
260    ^aกรุงเทพฯ :^bทรีบีส์,^c2551.
300    ^a573 หน้า ;^c21 ซม.
650  7 ^aนวนิยายไทย
945    ^p430^l0^i039526
999    ^aเกษร โพธิ์สุวรรณ
รายการนี้ยังไม่มีแท็ก
คุณยังไม่ได้ล็อกอิน คุณสามารถมีกิจกรรมร่วมกับเว็บไซต์ได้ แต่ต้องล็อกอินก่อน ::
  ล็อกอิน

รายการสื่อสารสนเทศ

ลำดับที่ ประเภท เลขเรียก/บาร์โค้ด สถานที่ สถานะ
1. นวนิยาย
นวนิยาย
นว ว637ล ฉ.1 
  Barcode: 039526
ห้องสมุดวิทยาเขตนครสวรรค์
►นวนิยาย:l:Fiction
บนชั้น

รายการใกล้เคียง
    ผู้แต่ง [วินิตา ดิถียนต์]

    หัวเรื่อง [นวนิยายไทย]

BibComment


ยังไม่เคยถูกคอมเมนท์

คอมเมนท์ทรัพยากรรายการนี้
  คอมเมนท์: ลมพัดผ่านดาว ว ว..


 Copyright 2026. Bcnsprnw @Library